Forma y simetría : una sistemática de los cuerpos simétricos /

Guardado en:
Autor Principal: Wolf, K. L.
Otros Autores: Kuhn, D.
Formato: Libro
Publicado: Buenos Aires : Eudeba, 1959
Materias:
Etiquetas: Agregar Etiqueta
Sin Etiquetas, Sea el primero en etiquetar este registro!
LEADER 00765nam a22001815a 4500
001 CEM.cems006697
005 20060214000000.0
008 130507s1959##################000#0#####d
003 CEMS
082 0 4 |a 701 
100 1 |a Wolf, K. L. 
245 1 0 |a Forma y simetría :  |b una sistemática de los cuerpos simétricos / 
260 |a Buenos Aires :  |b Eudeba,  |c 1959 
300 |a 59 p. 
505 0 |a Psicolog¡a de la educaci¢n art¡stica.-Dibujar es dar prueba de car cter. -Desea la sociedad que los alumnos sean ingenuos?.-Ejercicios y nociónes de los valores pl sticos.-El color y el ni¤o.-Sensibilidad y t'cnica. -La decoraci¢n.-El artista y el educador art¡stico 
653 |a Simetria 
700 1 |a Kuhn, D. 
859 |a CEMS  |b BIB. CEMS - 11 de abril  |h 701  |i W832  |p 6739.79  |t Ej.1